Statistics for T-vel kezdődő országok

Click here to take the quiz!

General Stats

  • This quiz has been taken 7 times
  • The average score is 7 of 10

Answer Stats

Ország% Correct
Tanzánia
100%
Törökország
100%
Thaiföld
75%
Tonga
75%
Trinidad és Tobago
75%
Türkmenisztán
75%
Tuvalu
75%
Tádzsikisztán
50%
Togo
50%
Tunézia
50%

Score Distribution

Percentile by Number Answered

Percent of People with Each Score

Your Score History

You have not taken this quiz